Steps to an ecology of mind

Gregory Bateson was a philosopher, anthropologist, photographer, naturalist, and poet, as well as the husband and collaborator of Margaret Mead. With a new foreword by his daughter Mary Katherine Bateson, this classic anthology of his major work will continue to delight and inform generations of rea...

Cijeli opis

Spremljeno u:
Bibliografski detalji
Glavni autor: Bateson, Gregory
Format: Knjiga
Jezik:Undetermined
Izdano: New York Ballantine Books 1972
Teme:
Oznake: Dodaj oznaku
Bez oznaka, Budi prvi tko označuje ovaj zapis!
Thư viện lưu trữ: Trung tâm Học liệu Trường Đại học Cần Thơ
LEADER 01639nam a2200193Ia 4500
001 CTU_109007
008 210402s9999 xx 000 0 und d
082 |a 301 
082 |b B329 
100 |a Bateson, Gregory 
245 0 |a Steps to an ecology of mind 
245 0 |c Gregory Bateson 
260 |a New York 
260 |b Ballantine Books 
260 |c 1972 
520 |a Gregory Bateson was a philosopher, anthropologist, photographer, naturalist, and poet, as well as the husband and collaborator of Margaret Mead. With a new foreword by his daughter Mary Katherine Bateson, this classic anthology of his major work will continue to delight and inform generations of readers. "This collection amounts to a retrospective exhibition of a working life. . . . Bateson has come to this position during a career that carried him not only into anthropology, for which he was first trained, but into psychiatry, genetics, and communication theory. . . . He . . . examines the nature of the mind, seeing it not as a nebulous something, somehow lodged somewhere in the body of each man, but as a network of interactions relating the individual with his society and his species and with the universe at large."--D. W. Harding, New York Review of Books "[Bateson's] view of the world, of science, of culture, and of man is vast and challenging. His efforts at synthesis are tantalizingly and cryptically suggestive. . . .This is a book we should all read and ponder."--Roger Keesing, American Anthropologist 
650 |a Anthropology,Knowledge, theory of,Posychiatry 
904 |i Truc 
980 |a Trung tâm Học liệu Trường Đại học Cần Thơ